Father of nation: (Record no. 12472)
[ view plain ]
| 000 -LEADER | |
|---|---|
| fixed length control field | 00853 a2200217 4500 |
| 005 - DATE AND TIME OF LATEST TRANSACTION | |
| control field | 20110928170217.0 |
| 010 ## - LCCN (DPL NO) | |
| LC control number | ENG-90205 |
| 020 ## - INTERNATIONAL STANDARD BOOK NUMBER | |
| International Standard Book Number | 8190558150 |
| Terms of availability | 455.00 |
| 035 ## - SYSTEM CONTROL NUMBER | |
| System control number | EN-70738 |
| 035 ## - SYSTEM CONTROL NUMBER | |
| System control number | G-001639 |
| 037 ## - SOURCE OF ACQUISITION | |
| Source of stock number/acquisition | DBAD / PUB |
| 082 14 - DEWEY DECIMAL CLASSIFICATION NUMBER | |
| Classification number | 301.153 |
| 100 1# - MAIN ENTRY--PERSONAL NAME | |
| Personal name | Roy, Sanjay |
| 245 1# - TITLE STATEMENT | |
| Title | Father of nation: |
| Statement of responsibility, etc | by Sanjay Roy |
| Remainder of title | Mahatma Gandhi/ |
| 260 ## - PUBLICATION, DISTRIBUTION, ETC. (IMPRINT) | |
| Place of publication, distribution, etc | Delhi |
| Name of publisher, distributor, etc | Khurana Book |
| Date of publication, distribution, etc | 2007 |
| 270 ## - ADDRESS | |
| Address | House No.568, Dr. Mukherji Nagar, |
| City | Delhi |
| Postal code | 110009 |
| State or province | Delhi |
| 300 ## - PHYSICAL DESCRIPTION | |
| Extent | 192p.: |
| Dimensions | 22cm (Hb) |
| Other physical details | b&w photos |
| 942 ## - ADDED ENTRY ELEMENTS (KOHA) | |
| Institution code [OBSOLETE] | dpl |
| Item type | English Books |
| Call number prefix | 301.153 / ROY |
| Source of classification or shelving scheme | Dewey Decimal Classification |
| Withdrawn status | Lost status | Not for loan | Collection code | Home library | Current library | Date acquired | Source of acquisition | Cost, normal purchase price | Full call number | Barcode | Copy number | Cost, replacement price | Koha item type |
|---|---|---|---|---|---|---|---|---|---|---|---|---|---|
| Non-fiction | D.B.Act.Division | D.B.Act.Division | 28/09/2011 | dbad | 455.00 | 301.153 GAN | EN-73738 | 1 | 26.00 | ||||
| Non-fiction | Janak Puri | Janak Puri | 28/09/2011 | gift | 455.00 | 301.153 GAN | G-001639 | 1 | 455.00 | English Books |
